| 000 | 00000nam 2200000zi 4500 |
| 001 | 9.947371 |
| 003 | CaOODSP |
| 005 | 20250124151216 |
| 006 | m o d f |
| 007 | cr mn||||||||| |
| 008 | 250124t19911992onca ob f000 0 eng d |
| 020 | |a0662198743 |q(print) |
| 040 | |aCaOODSP|beng|erda|cCaOODSP |
| 043 | |an-cn--- |
| 086 | 1 |aZ1-1989/1-41-1E-PDF|zZ1-1989/1-41-1E |
| 245 | 00|aTransportation for people with disabilities : |ba policy review and analysis / |cHickling Corporation. |
| 264 | 1|a[Ottawa] : |b[Royal Commission on National Passenger Transportation], |c1991. |
| 264 | 4|c©1992 |
| 300 | |a1 online resource (43, 9 pages) : |billustrations |
| 336 | |atext|btxt|2rdacontent |
| 337 | |acomputer|bc|2rdamedia |
| 338 | |aonline resource|bcr|2rdacarrier |
| 500 | |aIssued also in French under title: Le transport des personnes ayant une incapacité : examen de la politique. |
| 500 | |a"Report Prepared for the Research Division, Royal Commission on National Passenger Transportation." |
| 500 | |a"March 1991." |
| 500 | |a"RR-01." |
| 500 | |a"HICKLING REF.: 3927." |
| 500 | |aIncludes 2 title pages. |
| 500 | |aDigitized edition from print [produced by Government of Canada Publications Directorate]. |
| 504 | |aIncludes bibliographical references. |
| 650 | 0|aPeople with disabilities|xTransportation|zCanada. |
| 650 | 0|aDiscrimination against people with disabilities|zCanada. |
| 650 | 0|aPeople with disabilities|xGovernment policy|zCanada. |
| 650 | 0|aTransportation and state|zCanada. |
| 710 | 1 |aCanada. |bRoyal Commission on National Passenger Transportation. |bResearch Division, |eissuing body. |
| 710 | 2 |aHickling Corporation, |econsultant. |
| 775 | 08|tLe transport des personnes ayant une incapacité : |w(CaOODSP)9.947372 |
| 776 | 0#|tTransportation for people with disabilities: a policy review and analysis / |w(CaOODSP)9.608574 |
| 856 | 40|qPDF|s3.86 MB|uhttps://publications.gc.ca/collections/collection_2025/bcp-pco/Z1-1989-1-41-1-eng.pdf |